00714 a2200193 4500001000700000040002200007041001600029082002100045100003500066245003000101260004400131300000800175362001300183697010000196942000700296952009900303952009900402999001900501144626 cLeonardo Da Vinci aPortuguês a531 L366fbL366f aLauricella, Christiane Mázur aFisicabVolume I Mecanica bCiência Modernac2012aRio de Janeiro a120 a20120000 acontém 58 exercicio resolvidos e detalhamente comentados envolvendo trabalho engia e potencia cBK 00104070a71.1b71.1d2024-03-27l0o531 L366fpO015907r2024-03-27 22:49:26w2024-03-27yBK 00104070a71.1b71.1d2024-03-27l0o531 L366fpO015913r2024-03-27 22:49:26w2024-03-27yBK c144626d144626